03782nam a22002777a 45000010005000000030006000050050017000110080041000280200018000690400029000870500008001160820012001241000022001362450185001582600042003433000050003854900041004355050008004765201740004845201037022245210029032615210020032906500109033106500056034197000029034758998FISKH20251113110254.0251113b cb ||||| |||| 00| 0 eng d a9789995088835 aFISKHbkhrcFISKHdFISKH aPZ7 a959.604 aSotheary, Kimsun  aប្រវត្តិភ្នំសំពៅ : bHistory of Phnom Sompov hill / cរៀបរៀងដោយ អ្នកស្រី គឹមស៊ុន សុធារី  aPhnom Penh :bReading Books , c2007. a20 pages : bcolor illustrations ; c25 cm .  aពីភពរឿងនិទាន aK  aនាង សុវណ្ណមសារើសបានពងក្រពើមួយមានឈ្មោះថា អាធន ។ ចំណេរក្រោយមកព្រះបាទរាជកុលបានចាប់ចិត្តស្រលាញ់នាងដែលជាកូនអ្នកក្រ តែមានរូបសម្បត្តិស្អាតបាត ។តែដោយសារតែនាងជាកូនរាស្រ្តសាមញ្ញទើបទ្រង់មិនចង់រៀបអភិសេកជាមួយនាង ។ ទ្រង់ក៏សម្រេចចិត្តអភិសេកជាមួយនាងរំសាយសក់ដែលមានសក់ទិព្វ ដែលជារាជបុត្រីរបស់ស្តេចក្រុងចន្ទបុរី ។​ ព្រះរាជបុត្រាបញ្ជាអោយពលសេនារៀបចំបណ្ណាការដាក់ក្នុងសំពៅដើម្បីដណ្តឺងនាងរំសាយសក់​​ ។ ក្រោយដឹងដំណឹងនេះនាងសុវណ្ណមសាបានអោយក្រពើអាធនទៅឃាត់សំពៅនោះ ។ នាងរំសាយសក់ក៏មកជួយទ្រង់ដោយច្បូតព្រះកេសាអោយទឹកសមុទ្ររីងស្ងួតទៅជាដីគោកទាំងអស់។ សំពៅក៏ជាប់ក្នុងដីក៏កើតជាភ្នំមានរូបរាងដូចសំពៅ ទើបគេហៅថាភ្នំសំពៅមកដល់សព្វថ្ងៃ ។  aA young woman named Sovann Mosa once found a crocodile egg, which later hatched into a crocodile she named Athon. Later on, King Reajkol fell in love with Sovann Mosa, even though she was a poor commoner, because she was exceptionally beautiful. However, since she was not of royal blood, the king decided not to marry her. Instead, he chose to marry Princess Romsay Sok, a royal princess from the Kingdom of Chandaborey, who possessed magical hair. The king ordered his soldiers to prepare a royal boat and send it to escort Princess Romsay Sok. When Sovann Mosa heard this news, she asked her crocodile, Athon, to stop the boat. Princess Romsay Sok, realizing what had happened, used her divine power by plucking out a strand of her magical hair and striking the sea, causing the ocean to dry up and turn into land. The royal boat became stuck in the newly formed land, and that land rose up into a mountain shaped like a boat. From that time on, people called it Phnom Sampov — the Boat Mountain — as it is still known today.8 a520 bLexile estimate 8 aK bRaz-Plus  aប្រវត្តិភ្នំសំពៅvរឿងប្រវត្តិសាស្រ្រ aHistory of Phnom Sompov mountain vHistorical story aSan, Thai eIllustrator